000 00291nam a2200121 i 4500
001 bg
245 0 _aPrace naukowe Politechniki Warszawskiej :
_bmechanika.Z.104.
260 _aWarszawa,
_c1988.
040 _cBPK
041 _apol
942 _cKS
008 s pl f |000 0 pol
999 _c28963
_d28963
856 _uhttp://koha.tu.koszalin.pl/cgi-bin/koha/opac-detail.pl?biblionumber=28963
_yKatalog online BPK